|
|
|
|
| LEADER |
01052nam a2200241 a 4500 |
| 001 |
16566570 |
| 008 |
120215s2011 nyua b 001 0 eng d |
| 010 |
|
|
|a 2010051250
|
| 020 |
|
|
|a 9781568989365 (alk. paper)
|
| 040 |
|
|
|a DLC
|c DLC
|d YDX
|d BTCTA
|d YDXCP
|d ORX
|d OMB
|d UKMGB
|d CDX
|d DLC
|d BD-DhAAL
|
| 082 |
0 |
0 |
|a 003/.54
|2 22
|
| 100 |
1 |
|
|a Lima, Manuel,
|d 1978-
|
| 245 |
1 |
0 |
|a Visual complexity :
|b mapping patterns of information /
|c Manuel Lima.
|
| 246 |
3 |
0 |
|a Mapping patterns of information
|
| 260 |
|
|
|a New York :
|b Princeton Architectural Press,
|c c2011.
|
| 300 |
|
|
|a 272 p. :
|b ill. (some col.) ;
|c 28 cm.
|
| 504 |
|
|
|a Includes bibliographical references (p. 258-262) and index.
|
| 541 |
|
|
|e 00024502
|
| 650 |
|
0 |
|a Communication in science
|x Graphic methods.
|
| 650 |
|
0 |
|a Visual communication.
|
| 852 |
1 |
|
|a Ayesha Abed Library
|c General shelf.
|
| 999 |
|
|
|c 11888
|d 11888
|
| 952 |
|
|
|0 0
|1 0
|4 0
|6 003_540000000000000_LIM
|7 0
|9 19439
|a BRACUL
|b BRACUL
|c GEN
|d 2012-02-16
|e Trim Education
|g 4250.00
|l 1
|m 5
|o 003.54 LIM
|p 3010024502
|r 2016-06-03
|s 2016-04-26
|t 1
|w 2012-02-16
|y BK
|x Available
|